| 000 | 01734nam a2200229 4500 | ||
|---|---|---|---|
| 005 | 20250411135908.0 | ||
| 008 | 250411b |||||||| |||| 00| 0 eng d | ||
| 020 | _a9780367704957 | ||
| 037 | _cTextual | ||
| 040 |
_aRTL _cRTL |
||
| 084 |
_aU287:(G:55) R4 _qRTL |
||
| 100 |
_aKitchen, David _9752168 |
||
| 245 | _aGlobal climate change: turning knowledge into action | ||
| 250 | _a2nd | ||
| 260 |
_aLondon _bRoutledge _c2024 |
||
| 300 |
_axli, 362 p. _bIncludes glossary, credits and index |
||
| 520 | _aEarth’s climate is changing. This book investigates the scientific, environmental, social, political, and economic aspects of climate change. It enables students to reach an informed opinion and encourages active engagement in finding solutions. It begins with a strong introduction to the scientific factors that drive natural and anthropogenic climate change and expands over three chapters to explore the impact of greenhouse gases on the distribution of solar energy across land, sea, ice, and air. The author examines geologically ancient climates in order to highlight possible future scenarios, and case studies from around the world highlight the impact of climate change on the physical and human environment. The final chapters investigate how society can respond to the challenges of climate change and overcome the political, social, and economic factors that are barriers to progress, focusing on the role of energy policy, fiscal policy, and risk assessment as a means to stimulate discussion about science, society, and the role of the media. | ||
| 650 |
_aEarth Sciences _9643242 |
||
| 650 |
_aNatural Hazards & Risk _9752169 |
||
| 650 | _aGeography | ||
| 942 |
_2CC _n0 _cTB _hU287:(G:55) R4 |
||
| 999 |
_c1308872 _d1308872 |
||